| 000 | 00676cam a22002411 4500 | ||
|---|---|---|---|
| 001 | sa 64004539 | ||
| 003 | DLC | ||
| 005 | 20260227112025.0 | ||
| 008 | 940602s1961 ii abc 000 0 beno | ||
| 010 | _asa 64004539 | ||
| 025 | _aPL480:EP-B-227 | ||
| 035 | _a(OCoLC)30538504 | ||
| 040 |
_aDLC _cCU _dCU _dDLC |
||
| 042 | _apremarc | ||
| 050 | 0 | 0 |
_aAG90.B4 _bA2 |
| 100 | 0 |
_aAbul Hasanat, _d1905- |
|
| 245 | 1 | 0 |
_aKājera kathā. _bFamily welfare manual, everybody's book of knowledge. |
| 260 | _c[1961] | ||
| 300 |
_a580 p. _bill., maps, port. _c21 cm. |
||
| 500 | _aIn Bengali. | ||
| 650 | 0 | _aEncyclopedias and dictionaries, Bengali. | |
| 740 | 0 | _aFamily welfare manual. | |
| 999 |
_c58576 _d58576 |
||